| 000 | 00713nam a22002297a 4500 | ||
|---|---|---|---|
| 001 | 29605 | ||
| 003 | BD-RjUL | ||
| 005 | 20211209051431.0 | ||
| 008 | 140406r19591958bg 000 0 eng d | ||
| 035 | _a(BD-RjUL)29690 | ||
| 040 |
_aBD-RjUL _beng _cBD-RjUL |
||
| 041 | _aeng | ||
| 082 |
_a954.145 _bHUS 1959 |
||
| 100 | 1 |
_aHuq, A. K. Fazlul. _990214 |
|
| 245 |
_aSpeeches / _cDelivered by A. K. Fazlul Huq, Sultanuddin Ahmed and Zakir Hussain. |
||
| 260 |
_aDacca : _bEast Pkistan Government, _c[Reprinted 1959]. |
||
| 300 |
_a(iii, )212 p ; _c21 cm. |
||
| 650 |
_aSpeeches, addresses, etc. _zEast pakistan _990215 |
||
| 700 | 1 |
_aSultanuddin, Ahmed. _990216 |
|
| 700 | 1 |
_aHusain, Zakir. _990217 |
|
| 942 |
_2ddc _cBK |
||
| 999 |
_c29605 _d29605 |
||